Nota sobre a necessidade de nos archivos do Vaticano se fazerem investigações concernentes á historia de Portugal / (Record no. 163711)

MARC details
000 -LEADER
campo de control de longitud fija 00746nam a22001695i 4500
001 - NÚMERO DE CONTROL
campo de control 163711
003 - IDENTIFICADOR DE NÚMERO DE CONTROL
campo de control ES-MaACL
005 - FECHA Y HORA DE LA ÚLTIMA TRANSACCIÓN
campo de control 20230906212808.0
008 - DATOS DE LONGITUD FIJA--INFORMACIÓN GENERAL
campo de control de longitud fija 010730s1892 po |||| | por d
040 ## - FUENTE DE CATALOGACIÓN
Centro catalogador/agencia de origen CAM
Lengua de catalogación spa
Centro/agencia transcriptor CAM
100 1# - ENTRADA PRINCIPAL--NOMBRE DE PERSONA
Nombre de persona Rodrigues, José Maria.
9 (RLIN) 98196
245 10 - MENCIÓN DEL TÍTULO
Título Nota sobre a necessidade de nos archivos do Vaticano se fazerem investigações concernentes á historia de Portugal /
Mención de responsabilidad, etc. pelo José María Rodrigues.
260 ## - PUBLICACIÓN, DISTRIBUCIÓN, ETC.
Lugar de publicación, distribución, etc. Coimbra :
Nombre del editor, distribuidor, etc. [s.n.],
Fecha de publicación, distribución, etc. 1892 (
Fabricante imprensa da Universidade)
300 ## - DESCRIPCIÓN FÍSICA
Extensión 11 p. ;
Dimensiones 25 cm.
594 #1 - Nota al título y mención de responsabilidad
Nota al título y mención de responsabilidad Precede al tit.: Congresso pedagógico hispano-portuguez-americano, Secção portugueza.
852 ## - LOCALIZACIÓN
Ubicación ES-MaACL
Número de control de estantería T-1120-F-20
Nota libre -- Enc. hol. conservando la cub. original
-- -- Enc. en un vol. facticio
Holdings
Estatus retirado Estado de pérdida Estado de daño No para préstamo Colección Biblioteca de origen Biblioteca actual Ubicación en estantería Fecha de adquisición Total de préstamos Signatura topográfica completa Código de barras Visto por última vez Precio de reemplazo Tipo de ítem Koha
        Colección de folletos Biblioteca del Ateneo de Madrid Biblioteca del Ateneo de Madrid Depósito folletos 17/01/2008   T-1120-F-20 1171557 23/02/2023 23/02/2023 Folleto